|
|
|
|
| LEADER |
01440nam a2200325 a 4500 |
| 001 |
GR-Patra12997 |
| 008 |
000628s1997 gr e 000 0 gre d |
| 040 |
|
|
|a GrPaTEI
|b gre
|c GR-PaULI
|
| 040 |
|
|
|a GrPaTEI
|b gre
|c GR-PaULI
|
| 245 |
0 |
2 |
|a Η λογιστική των Ε.Π.Ε. από άποψη εμπορικής, λογιστικής και φορολογικής νομοθεσίας /
|c Φοιτήτρια: Μαρία Φεστερίδου ; Εισηγήτρια: Ελένη Γούσια.
|
| 260 |
|
|
|a Πάτρα :
|b ΤΕΙ Πάτρας
|
| 300 |
|
|
|a 73σ.
|
| 504 |
|
|
|a Βιβλιογραφία: σ.73
|
| 650 |
|
4 |
|a ΕΠΕ
|
| 650 |
|
4 |
|a ΚΕΦΑΛΑΙΟ
|
| 650 |
|
4 |
|a ΛΟΓΙΣΤΙΚΑ ΒΙΒΛΙΑ
|
| 650 |
|
4 |
|a Λογιστική
|
| 650 |
|
4 |
|a ΝΟΜΟΘΕΣΙΑ
|
| 650 |
|
4 |
|a Οικονομικά
|
| 650 |
|
4 |
|a Πτυχιακή εργασία
|
| 650 |
|
4 |
|a Φορολογία
|
| 700 |
1 |
|
|a Γούσια, Ελένη,
|c Εισηγήτρια
|
| 700 |
1 |
|
|a ΦΕΣΤΕΡΙΔΟΥ, ΜΑΡΙΑ
|
| 710 |
0 |
|
|a Σ.Δ.Ο..
|b Τμήμα Λογιστικής
|
| 710 |
0 |
|
|a Τ.Ε.Ι. Πάτρας
|
| 856 |
4 |
0 |
|u https://nereus.library.upatras.gr/formerpat/ptyxiakes/sdo/sdo_log/1996-2000/2725pe.pdf
|
| 942 |
|
|
|2 ddc
|
| 952 |
|
|
|0 0
|1 0
|2 ddc
|4 0
|7 1
|9 292338
|a LISK
|b LISK
|c BSC
|d 2021-01-17
|e 24
|f 0
|g 0.00
|l 0
|p 9241002725
|r 2021-01-17 00:00:00
|t 1
|w 2021-01-17
|y BKN
|x 20000630 0 0
|x GrPaTEI
|
| 971 |
|
|
|a .b26605120
|b 16-04-20
|c 23-09-16
|
| 999 |
|
|
|c 170819
|d 170819
|